Pays ou se déroulent les Disney - Statistiques

Statistiques générales
  • Ce quiz a été pris 411 fois
  • Le résultat moyen est 18 sur 23
Réponses sur la Carte
Les réponses sont colorées sur une échelle allant du rouge au vert en fonction du pourcentage des utilisateurs qui les ont devinées à leur premier essai. Vous pouvez retrouver ces pourcentages ci-dessous.
 
Statistiques - réponses
Indice Réponse % Correct
Mulan Chine
97%
La belle et la bête France
96%
Coco Mexique
96%
Bernard et Bianca au pays des kangourous Australie
94%
La ferme se rebelle USA
92%
Robin des bois Royaume uni
89%
Frère des ours Canada
88%
Raiponce Allemagne
87%
Les trois caballeros Brésil
86%
Wish Espagne
86%
Luca Italie
86%
Hercule Grece
83%
La reine des neiges Norvège
82%
Le livre de la jungle Inde
80%
Kuzco Pérou
75%
Aladdin Arabie saoudite
73%
Les nouveaux héros Japon
72%
Encanto Colombie
71%
Saludos amigos Chili
62%
La petite sirène Danemark
59%
Le roi lion Kenya
54%
Là-haut Vénézuela
40%
Tarzan Nigeria
23%
Aucun quiz correspondant
Distribution des résultats
% des personnes avec chaque résultat
Percentile par nombre de réponses
Votre historique - résultats
Vous n’avez pas pris ce quiz